| Tag |
First Indicator |
Second Indicator |
Subfields |
| LEADER |
00000cam a2200000 4500 |
| 001 |
in00000608279 |
| 005 |
20151014101223.0 |
| 008 |
690929s1969 nyu b 00100 eng |
| 010 |
|
|
|a 72081407
|
| 035 |
|
|
|a (OCoLC)00027242
|
| 035 |
|
|
|9 ACR4881AM
|
| 037 |
|
|
|c 5.00
|
| 040 |
|
|
|a DLC
|c DLC
|d TXA
|d UtOrBLW
|
| 049 |
|
|
|a TXAM
|c [1359469]
|
| 050 |
0 |
0 |
|a LC5131
|b .J3
|
| 082 |
0 |
|
|a 370.19/348
|
| 100 |
1 |
|
|a Janowitz, Morris.
|
| 245 |
1 |
0 |
|a Institution building in urban education.
|
| 264 |
|
1 |
|a [New York] :
|b Russell Sage Foundation,
|c 1969.
|
| 300 |
|
|
|a viii, 126 pages ;
|c 24 cm.
|
| 336 |
|
|
|a text
|b txt
|2 rdacontent
|
| 337 |
|
|
|a unmediated
|b n
|2 rdamedia
|
| 338 |
|
|
|a volume
|b nc
|2 rdacarrier
|
| 504 |
|
|
|a Bibliographical footnotes.
|
| 650 |
|
0 |
|a Education, Urban
|z United States.
|
| 999 |
|
|
|a MARS
|
| 999 |
f |
f |
|s 05998b97-5e73-32c7-a860-e470f0240444
|i 1b0ce195-b08b-391b-aadb-f3673a154f53
|t 0
|
| 952 |
f |
f |
|p normal
|a Texas A&M University
|b College Station
|c Sterling C. Evans Library
|d Evans: Library Stacks
|t 0
|e LC5131 .J3
|h Library of Congress classification
|i unmediated -- volume
|m A14803330833
|
| 998 |
f |
f |
|a LC5131 .J3
|t 0
|l Evans: Library Stacks
|